Nationalismus, Fremdenhaß und Antisemitismus

Gespeichert in:  
Bibliographische Detailangaben
1. VerfasserIn: Bohleber, Werner 1942- (Verfasst von)
Medienart: Druck Aufsatz
Sprache:Deutsch
Veröffentlicht: 1992
In: Beschädigungen
Jahr: 1992, Seiten: 124-145
Verfügbarkeit prüfen: HBZ Gateway
Schlagwörter:

MARC

LEADER 00000caa a22000002c 4500
001 1526077221
003 DE-627
005 20220604105257.0
007 tu
008 160223s1992 xx ||||| 00| ||ger c
020 |a 3525014201 
035 |a (DE-627)1526077221 
035 |a (DE-576)456077227 
035 |a (DE-599)BSZ456077227 
040 |a DE-627  |b ger  |c DE-627  |e rakwb 
041 |a ger 
100 1 |a Bohleber, Werner  |d 1942-  |0 (DE-588)124603491  |0 (DE-627)363438343  |0 (DE-576)16789546X  |4 aut 
109 |a Bohleber, Werner 1942- 
245 1 0 |a Nationalismus, Fremdenhaß und Antisemitismus  |c Werner Bohleber 
264 1 |c 1992 
336 |a Text  |b txt  |2 rdacontent 
337 |a ohne Hilfsmittel zu benutzen  |b n  |2 rdamedia 
338 |a Band  |b nc  |2 rdacarrier 
773 0 8 |i In  |t Beschädigungen  |d Göttingen : Vandenhoeck und Ruprecht, 1992  |g (1992), Seite 124-145  |h 192 Seiten  |w (DE-627)119297949  |w (DE-576)029570840  |z 3525014201  |7 nnam 
773 1 8 |g year:1992  |g pages:124-145 
935 |a mkri 
951 |a AR 
ELC |b 1 
LOK |0 000 xxxxxcx a22 zn 4500 
LOK |0 001 2899584723 
LOK |0 003 DE-627 
LOK |0 004 1526077221 
LOK |0 005 20260109153854 
LOK |0 008 160208||||||||||||||||ger||||||| 
LOK |0 040   |a DE-21-110  |c DE-627  |d DE-21-110 
LOK |0 689   |a s  |a Antisemitismus 
LOK |0 689   |a s  |a Nationalismus 
LOK |0 689   |a s  |a Rechtsextremismus 
LOK |0 689   |a s  |a Vergangenheitsbewältigung 
LOK |0 689   |a s  |a Fremdenfeindlichkeit 
LOK |0 689   |a s  |a Fremdenangst 
LOK |0 852   |a DE-21-110 
LOK |0 852 1  |m p  |9 00 
LOK |0 935   |a k110 
LOK |0 938   |k p 
LOK |0 939   |a 08-02-16  |b l01 
ORI |a SA-MARC-krimdoka001.raw